MARC

LEADER 00000nam0a2200000 4500
001 299040
005 20231102001150.0
020 |a RU  |b 82-55810 
035 |a (RuTPU)RU\TPU\book\324192 
090 |a 299040 
100 |a 20150624d1982 k y0rusy5003 ca 
101 0 |a rus 
102 |a UA 
105 |a a z 001zy 
200 1 |a Теория и расчет горных машин  |e сборник научных трудов  |f Академия наук Украинской ССР (АН УССР), Институт геотехнической механики (ИГМ) ; под ред. Е. Е. Новикова 
210 |a Киев  |c Наукова думка  |d 1982 
215 |a 164 с.  |c ил. 
320 |a Библиогр. в конце ст. 
606 1 |a Горная механика  |2 stltpush  |3 (RuTPU)RU\TPU\subj\7463  |9 35108 
610 1 |a горные машины 
610 1 |a теория 
610 1 |a расчет 
610 1 |a динамика 
610 1 |a выемочные машины 
610 1 |a погрузочные машины 
610 1 |a вибрационные машины 
610 1 |a резиновые детали 
610 1 |a упругие связи 
675 |a 622.002.5.001  |z rus  |v 3 
702 1 |a Новиков  |b Е. Е.  |g Евгений Ермолаевич  |4 340 
712 0 2 |a Академия наук Украинской ССР (АН УССР)  |b Институт геотехнической механики (ИГМ)  |2 stltpush  |3 (RuTPU)RU\TPU\col\11530 
801 0 |a RU  |b RuMRKP  |c 19950704  |g psbo 
801 1 |a RU  |b 63413507  |c 20150624 
801 2 |a RU  |b 63413507  |c 20190213  |g RCR 
942 |c BK